[Event "Sebes Romanian Rapid op"]
[Site "Sebes"]
[Date "2022.12.02"]
[Round "6"]
[White "Dan, Cantemir Dorian"]
[Black "Saioc, David"]
[Result "1-0"]
[WhiteElo "2036"]
[BlackElo "2014"]
[PlyCount "51"]
[EventDate "2022.12.02"]
[EventType "swiss (rapid)"]
[EventRounds "8"]
[EventCountry "ROU"]
[SourceTitle "CBM 211 Extra"]
[Source "ChessBase"]
[SourceDate "2023.01.31"]
[SourceVersion "1"]
[SourceVersionDate "2023.01.31"]
[SourceQuality "1"]

1. c4 b6 2. Nc3 Bb7 3. d4 Nf6 4. f3 d5 5. cxd5 Nxd5 6. e4 Nxc3 7. bxc3 e5 8. dxe5 Qe7 9. Bb5+ c6 10. Bc4 Qxe5 11. Ne2 Nd7 12. Bxf7+ Kxf7 13. Qxd7+ Qe7 14. Qf5+ Qf6 15. Qxf6+ Kxf6 16. Be3 Rd8 17. Kf2 Ba3 18. Rab1 Ba6 19. Nd4 Bc5 20. Rhd1 Bc4 21. Nxc6 Rxd1 22. Rxd1 Rc8 23. Bxc5 bxc5 24. Rd6+ Be6 25. e5+ Kf7 26. Nd8+ 1-0

[Event "Sebes Romanian Rapid op"]
[Site "Sebes"]
[Date "2022.12.02"]
[Round "3"]
[White "Sulita, Vlad Petre"]
[Black "Dan, Cantemir Dorian"]
[Result "0-1"]
[WhiteElo "1632"]
[BlackElo "2036"]
[PlyCount "66"]
[EventDate "2022.12.02"]
[EventType "swiss (rapid)"]
[EventRounds "8"]
[EventCountry "ROU"]
[SourceTitle "CBM 211 Extra"]
[Source "ChessBase"]
[SourceDate "2023.01.31"]
[SourceVersion "1"]
[SourceVersionDate "2023.01.31"]
[SourceQuality "1"]

1. e4 Nf6 2. e5 Nd5 3. d4 d6 4. exd6 cxd6 5. c4 Nc7 6. Nf3 g6 7. Nc3 Bg7 8. Bd3 0-0 9. 0-0 Nc6 10. Be3 e5 11. d5 Ne7 12. Bg5 f6 13. Bh4 Bf5 14. Qc2 Bxd3 15. Qxd3 Nf5 16. Rfe1 Nxh4 17. Nxh4 f5 18. g3 Na6 19. a3 Nc5 20. Qc2 Rc8 21. Rac1 e4 22. Nd1 Nd3 23. Ne3 Bxb2 24. Rb1 Bf6 25. Nhg2 Nxe1 26. Nxe1 Qc7 27. N1g2 Be5 28. Qb3 b6 29. a4 Qc5 30. Re1 g5 31. Qc2 f4 32. Ng4 Qxc4 33. Qxe4 Qxe4 0-1